书目信息 |
| 题名: |
从考核到激活
|
|
| 作者: | 李庆喜 , 孙科柳 著 | |
| 分册: | ||
| 出版信息: | 北京 电子工业出版社 2025.05 |
|
| 页数: | 10,358页 | |
| 开本: | 24cm | |
| 丛书名: | ||
| 单 册: | ||
| 中图分类: | F632.765.3 | |
| 科图分类: | ||
| 主题词: | ||
| 电子资源: | ||
| ISBN: | 978-7-121-50167-8 | |
| 000 | 00921nam0 2200253 450 | |
| 001 | 013658794 | |
| 005 | 20251022181331.44 | |
| 010 | @a978-7-121-50167-8@dCNY78.00 | |
| 100 | @a20250616d2025 em y0chiy0110 ea | |
| 101 | 0 | @achi |
| 102 | @aCN@b110000 | |
| 105 | @ay z 000yy | |
| 106 | @ar | |
| 200 | 1 | @a从考核到激活@9cong kao he dao ji huo@b专著@e华为绩效管理方法论@f李庆喜,孙科柳著 |
| 210 | @a北京@c电子工业出版社@d2025.05 | |
| 215 | @a10,358页@d24cm | |
| 330 | @a本书分绩效认知篇、组织绩效篇、个人绩效篇、绩效激励篇四篇,内容包括:绩效管理演进、价值链管理、战略解码导入、组织绩效目标、战略执行与监控、组织绩效评估反馈、评估结果应用等。 | |
| 601 | 02 | @a华为公司@x绩效管理@x经验 |
| 690 | @aF632.765.3@v5 | |
| 701 | 0 | @a李庆喜@9li qing xi@4著 |
| 701 | 0 | @a孙科柳@9sun ke liu@4著 |
| 801 | 0 | @aCN@c20250905 |
| 905 | @a河南城建学院图书馆@dF632.765.3@eL237@ZL237@f1 | |
| 998 | @u2025-08-30T01:19:54@zsupervisor | |
| 从考核到激活:华为绩效管理方法论/李庆喜,孙科柳著.-北京:电子工业出版社,2025.05 |
| 10,358页;24cm |
| ISBN 978-7-121-50167-8:CNY78.00 |
| 本书分绩效认知篇、组织绩效篇、个人绩效篇、绩效激励篇四篇,内容包括:绩效管理演进、价值链管理、战略解码导入、组织绩效目标、战略执行与监控、组织绩效评估反馈、评估结果应用等。 |
| ● |
| 相关链接 |
|
|
|
正题名:从考核到激活
索取号:F632.765.3/L237
 
预约/预借
| 序号 | 登录号 | 条形码 | 馆藏地/架位号 | 状态 | 备注 |
| 1 | 1631131 | 216311319 | 社科库409/409社科库 40排4列1层/ [索取号:F632.765.3/L237] | 在馆 |